000 00414nam a22001697a 4500
005 20180807145136.0
008 160514b xxu||||| |||| 00| 0 eng d
020 _a81-7722-3755
041 _aeng
082 _b2228
_a658.3
100 _aKleiman,Lawrence S.
_94715
245 _aHuman Resource Management
260 _aNew Delhi
_bBigtantra,
_c2003
300 _a480p,
650 _aManagement
_9241
942 _cBK
999 _c823
_d823